Devine le groupe K-pop en fonction de sa devise (rapidité) - Statistiques

Statistiques générales
  • Ce quiz a été pris 117 fois
  • Le résultat moyen est 11 sur 19
Statistiques - réponses
Hint Réponse % Correct
... in your area Blackpink
96%
Dul, Set, Bang tan BTS
95%
One in a million Twice
87%
Everywhere all around the world Stray kids
86%
8 makes 1 team Ateez
75%
Be my ae Aespa
72%
Say the name Seventeen
72%
We are one EXO
69%
One dream TXT
68%
One two Connect Enhypen
67%
Dive into... Ive
67%
All in us ITZY
66%
I said mama... Mamamoo
59%
To the world, this is NCT
55%
Dream of me Dreamcatcher
36%
Wanna be your star ASTRO
22%
Come and get it GOT 7
21%
Best we... The Boyz
20%
Get ready, showtime Ikon
11%
Aucun quiz correspondant
Distribution des résultats
% des personnes avec chaque résultat
Percentile par nombre de réponses
Votre historique - résultats
Vous n’avez pas pris ce quiz